000 00338nam a2200133Ia 4500
008 240624s9999 xx 000 0 und d
041 _aeng
082 _a332 KEI
100 _aKEIJSER THOMAS
245 _aFINANCIAL COLLATERAL ARRANGEMENTS
260 _c2006
_aNetherlands
_bKluwer
300 _axxiii, : 430p. ; 24cm.
365 _cERU
_b26
999 _c20073
_d20073